000 00534nam a2200157Ia 4500
005 20250424120336.0
008 250424s9999 xx 000 0 und d
022 _a HD 70. M36/
050 _aUniversity of port-harcourt journal of management
245 0 _aPort-Harcourt, Nigeria
260 _aTema & T. press
260 _b2016
260 _cvi, 127 p. :ill. ; 24 cm.
300 _a Industrial management--Periodicals. Gestion d'entreprise--Périodiques. Organisation--Périodiques. Industrial management.
650 _aSR
999 _c38765
_d38765